Imperial culture in Germany, 1871-1918
Αποθηκεύτηκε σε:
| Κύριος συγγραφέας: | |
|---|---|
| Μορφή: | Βιβλίο |
| Γλώσσα: | English |
| Δημοσίευση: |
Houndmills, Basingstoke, Hampshire :
Palgrave Macmillan,
2003
|
| Σειρά: | European studies series (Palgrave Macmillan (Firm))
|
| Θέματα: | |
| Ετικέτες: |
Προσθήκη ετικέτας
Δεν υπάρχουν, Καταχωρήστε ετικέτα πρώτοι!
|
MARC
| LEADER | 00000nam a2200000 i 4500 | ||
|---|---|---|---|
| 001 | 1/88750 | ||
| 008 | 080612s2003 eng d | ||
| 020 | |a 1-4039-0421-9 (pbk.) | ||
| 035 | |l 10098186 | ||
| 040 | |a GR-MY-UA |b gre |e aacr | ||
| 041 | 0 | |a eng | |
| 082 | 0 | |a 943.08 |2 (22) | |
| 100 | 1 | |a Jefferies, Matthew. | |
| 245 | 1 | 0 | |a Imperial culture in Germany, 1871-1918 / |c Matthew Jefferies |
| 260 | |a Houndmills, Basingstoke, Hampshire : |b Palgrave Macmillan, |c 2003 | ||
| 300 | |a xi, 338 σ.; |b εικ., 1 χάρτης; |c 23 εκ. | ||
| 490 | 1 | |a European studies series | |
| 504 | |a Βιβλιογραφία: σ. 316-325 | ||
| 504 | |a Ευρετήριο: σ. 326-338 | ||
| 650 | 0 | 0 | |a Art and state |z Germany |x History |y 19th century. |
| 650 | 0 | 0 | |a Art and society |z Germany |x History |y 19th century. |
| 651 | 0 | |a Germany |x Intellectual life |y 19th century. | |
| 651 | 0 | |a Germany |x Social life and customs |y 19th century. | |
| 830 | 0 | |a European studies series (Palgrave Macmillan (Firm)) | |
| 852 | |a INST |b LESVOS |e 20080612 |h 943.08 JEF |p 005100041634 |q 005100041634 |t BK |y 0 | ||
| 901 | |a BIBL1-2008-2 | ||
| 909 | |a Λ |b 143883 | ||
| 922 | |a 1ΕΛΗ |b 200801 |c ΕΠΕΑΕΚ2/ΤΚΑ |d ΠΑΠΑΣΩΤΗΡΙΟΥ | ||
| 970 | |a ΚΑΡΑ |b ΓΙΑΣΕΜΗ |z 2008/06/12 | ||